Statistics for Animal Crossing Species: Hamster

Click here to take the quiz!

General Stats

  • This quiz has been taken 4 times
  • The average score is 5 of 10

Answer Stats

Answer% Correct
Apple
100%
Clay
67%
Flurry
67%
Hamlet
67%
Hamphrey
67%
Grahm
33%
Holden
33%
Marlo
33%
Rodney
33%
Solieil
33%

Score Distribution

Percentile by Number Answered

Percent of People with Each Score

Your Score History

You have not taken this quiz